| 000 | 01301cam a2200277 4500 | ||
|---|---|---|---|
| 001 | WB3838-21 | ||
| 008 | 021016n2002 000 0 eng u | ||
| 035 | _a(Sirsi) u120114 | ||
| 245 | _aSuper-suburbs warning | ||
| 260 | _c2002 | ||
| 490 |
_aIndependent Transport Commission website _v 14 October 2002, (3) |
||
| 520 | _aSuper-suburbs, 100 miles or more outside cities, could be created as a result of massive government transport investment according to the report "The land use effects of the 10-year plan" produced by the Independent Transport Commission. The £180 bn investment will encourage commuting from much greater distances with a forecast of 50% increase in rail passenger use. These pressures could conflict with the government's urban renaissance agenda.The report's authors are Sir Peter Hall and Stephen Marshall. The report is available at http://www.trg.soton.ac.uk/itc/ | ||
| 590 | _aWB | ||
| 650 | _aSUPER-SUBURBS | ||
| 650 | _aTRANSPORT INVESTMENT | ||
| 650 |
_aLand use _96251 |
||
| 650 | _aROAD TRANSPORT | ||
| 650 | _aRAIL TRANSPORT | ||
| 650 | _aCOMMUTER BELTS | ||
| 650 | _a10-YEAR TRANSPORT PLAN | ||
| 650 | _aURBAN RENAISSANCE | ||
| 650 | _aTRANSPORT PLANS | ||
| 650 | _aTRANSPORT PLANNING | ||
| 690 | _aTRANSPORT AND COMMUNICATIONS | ||
| 942 | _n0 | ||
| 999 |
_c71365 _d71365 |
||